000 00283nam a22001337a 4500
008 171031b xxu||||| |||| 00| 0 eng d
020 _a9789284212613
041 _aeng
080 _a33
100 _a58
101 _aBUS
245 _aFIGHTING BRIBERY
_cVINCKE,F
942 _2udc
_cBK
999 _c36641
_d36641